| 000 | 00529nam a2200193 u 4500 | ||
|---|---|---|---|
| 005 | 20221124063553.0 | ||
| 008 | 131007s2009 es r 000 0 spa d | ||
| 020 | _a9788436823110 | ||
| 035 | _aUPN01000193555 | ||
| 049 | _aCG | ||
| 050 | 4 |
_aBF321 _bC3.2 |
|
| 100 | 1 |
_aCastillo Villar, María Dolores _935035 |
|
| 245 | 1 | 3 |
_aLa atención / _cMaría Dolores Castillo Villar. |
| 260 |
_aMadrid : _bPirámide, _c2009. |
||
| 300 |
_a247 p. _bil., cuadros |
||
| 440 | 0 | _aPsicología | |
| 650 | 4 |
_aAtención _98528 |
|
| 905 | _aLibro | ||
| 999 |
_c165656 _d165656 |
||